|
|
แสดงรายละเอียดบรรณานุกรม |
|
|
Brief Record
: Get Marc (ISO 2709)
: E-mail record
: |
|
|
|
| LEADER 00000nam 2200000uu 4500 | |||
| 001 205783 | |||
| 003 ULIBM | |||
| 008 110117s2553||||th 000 0 tha d | |||
| 020 978-974-9510-261 | |||
| 060 0 WB 100 ส845ต ล.2 2553. | |||
| 100 0 ^aสุรเกียรติ อาชานานุภาพ,นายแพทย์. | |||
| 245 00 ^aตำราการตรวจรักษาโรคทั่วไป 2 : 350 โรคกับการดูแลรักษาและป้องกัน/^bนายแพทย์สุรเกียรติ อาชานานุภาพ. | |||
| 250 ^aพิมพ์ครั้งที่ 5 | |||
| 260 ^aกรุงเทพฯ : ^bสำนักพิมพ์หมอชาวบ้าน,^c2553. | |||
| 300 ^aจำนวน 1,236 หน้า ;^bภาพประกอบ. | |||
| 650 0 ^aโรคทั่วไป. | |||
| 650 0 ^aโรค - - ^xการป้องกันและควบคคุม. | |||
| 650 0 ^aการใช้ยา. | |||
| 650 0 ^aการรักษาโรค. | |||
| 999 ^aใช้งานได้ทุกระบบ | |||
| คุณยังไม่ได้ล็อกอิน คุณสามารถมีกิจกรรมร่วมกับเว็บไซต์ได้ แต่ต้องล็อกอินก่อน :: |
|
| สถานะ | |||||||||
| 1. | การพยาบาล (ตำราหลัก) | WB 100 ส845ต ล.2 2553 ฉ.2 | On Shelf ขอยืม | ||||||
| 2. | การพยาบาล (ตำราหลัก) | WB 100 ส845ต ล.2 2553 ฉ.3 | On Shelf ขอยืม | ||||||
| 3. | การพยาบาล (ตำราหลัก) | WB 100 ส845ต ล.2 2553 ฉ.4 | On Shelf ขอยืม | ||||||
| 4. | การพยาบาล (ตำราหลัก) | WB 100 ส845ต ล.2 2553 ฉ.5 | On Shelf ขอยืม | ||||||
| 5. | การพยาบาล (ตำราหลัก) | WB 100 ส845ต ล.2 2553 ฉ.6 | On Shelf ขอยืม | ||||||
| 6. | การพยาบาล (ตำราหลัก) สถานะ=หนังสือเก่า - บริการ ณ ห้องสมุด (ห้องเหลือง) | WB 100 ส845ต ล.2 2553 ฉ.7 | On Shelf ขอยืม | ||||||
| 7. | การพยาบาล (ตำราหลัก) | WB 100 ส845ต ล.2 2553 ฉ.8 | On Shelf ขอยืม | ||||||
| 8. | การพยาบาล (ตำราหลัก) สถานะ=หนังสือเก่า - บริการ ณ ห้องสมุด (ห้องเหลือง) | WB 100 ส845ต ล.2 2553 ฉ.9 | On Shelf ขอยืม | ||||||
| 9. | การพยาบาล (ตำราหลัก) สถานะ=หนังสือเก่า - บริการ ณ ห้องสมุด (ห้องเหลือง) | WB 100 ส845ต ล.2 2553 ฉ.10 | On Shelf ขอยืม | ||||||
| 10. | การพยาบาล (ตำราหลัก) | WB 100 ส845ต ล.2 2553 ฉ.11 | On Shelf ขอยืม | ||||||
| 11. | การพยาบาล (ตำราหลัก) สถานะ=หนังสือเก่า - บริการ ณ ห้องสมุด (ห้องเหลือง) | WB 100 ส845ต 2553 ล.2 2553 | On Shelf ขอยืม | ||||||
| 12. | การพยาบาล (ตำราหลัก) | WB 100 ส845ต ล.2 2553. ฉ.22 | On Shelf ขอยืม | ||||||
| Note:งบประมาณปี 2558 | |||||||||
| | |||||||||
BibComment |
| คอมเมนท์ทรัพยากรรายการนี้ |
|
|